Responses for Show #6035 - Friday, December 3, 2010

Contestants

[<< previous game]

Josh Powell, a phone-based health coach from San Diego, California

Andy Holt, a biotech account manager from Garner, North Carolina

Ariel Schneider, a biology student from West Lafayette, Indiana (whose 2-day cash winnings total $46,300)

[next game >>]

Jeopardy! Round responses

THE NEW TESTAMENT
TV SITCOMS BY FAMILY
(Alex: We'll give you the families.)
REGION-ISMS
GREEN FOOD
HOLE
IN THE "O" ZONE
    $200 1
Revelation

Ariel
    $200 26
(Andy: What is The Cosbys?)

The Cosby Show

ArielAndy
    $200 21
a village

Andy
    $200 12
pistachios

Andy
    $200 6
18

Ariel
    $200 4
(Andy: What is Okinawa?)

Osaka

AndyJosh
    $400 2
Peter

Ariel
    $400 27
Family Ties

Josh
    $400 22
community

Ariel
    $400 13
spinach

Josh
    $400 14
Swiss cheese

Ariel
    $400 5
Ogden

Andy
    $600 3
Judas

Josh
    $600 28
Full House

Josh
    $600 23
Canton (or canton)

Triple Stumper
    $600 15
celery

Ariel
    $600 18
a blowhole

Andy
    $600 9
Orleans

Josh
    $800 7
Gethsemane

Ariel
    $800 29
(Andy: Oh my gosh, what is...)

King of Queens

Andy
Triple Stumper
    $800 24
district

Ariel
    $800 16
grapes

Andy
    $800 19
Stonehenge

Ariel
    $1,400 10
(Josh: What... is.... Ozark?)

Olympia

Josh
    $1000 8
Stephen

Ariel
    $1000 30
Melissa & Joey

Triple Stumper
    $1000 25
a ward

Andy
    $1000 17
cucumber

Andy
    $1000 20
Jackson Hole

Andy
    $1000 11
Orkneys

Ariel

Scores at the first commercial break (after clue 14):

Ariel Andy Josh
$4,000 $400 $400

Scores at the end of the Jeopardy! Round:

Ariel Andy Josh
$6,800 $4,000 $1,400

Double Jeopardy! Round responses

IT'S POISONOUS
PLANE CRAZY
WHAT'S THAT WAR?
SEWING
FILL IN THE (BLANK)
(Alex: We're gonna go from...)
HOLLYWOOD TO BROADWAY
    $400 1
the cobra

Andy
    $400 6
the 747

Josh
    $400 7
the War of 1812

Josh
    $400 14
needles

Andy
    $400 13
count

Ariel
    $400 19
Scarlett Johanssen

Ariel
    $800 2
the jellyfish

Josh
    $800 8
(Andy: What is the Spruce Goose?)
...
(Alex: That's it--Lindbergh's plane--correct.)

the Spirit of St. Louis

AndyJosh
    $800 12
the Mexican-American War

Josh
    $800 20
(Andy: What is a seam?)
...
(Alex: Talkin' about [*].)

pockets

Andy
Triple Stumper
    $800 15
huddled

Andy
    $800 26
(Alex: And that talented lady is [*].)

Catherine Zeta-Jones

Triple Stumper
    $1200 3
a scorpion

Andy
    $1200 9
a pogo stick

Andy
    $1,500 22
(Andy: What is the War of Spanish Independence?)
(Alex: No, it's called [*]--not independence.)

the Spanish Civil War

Andy
    $1200 21
a pleat

Andy
    $1200 16
death

Josh
    $1200 29
Assassins

Triple Stumper
    $1600 4
a pufferfish

Andy
    $1600 10
the B-52

Andy
    $1600 24
(Ariel: What is the Crimean War?)

the Russo-Japanese War

Ariel
Triple Stumper
    $1600 23
(Alex: I'll bet your moms have used them--they're called [*].)

pinking shears

Triple Stumper
    $1600 17
(Andy: What is speak?)
...
(Alex: [*] to me only, yes.)

drink

AndyJosh
    $1600 28
Hugh Jackman

Ariel
    $2000 5
the octopus

Andy
    $2000 11
(Andy: What is the Enola Gay?)

the Memphis Belle

Andy
Triple Stumper
    $2000 30
the Boer War

Triple Stumper
    $2000 25
patterns

Ariel
    $1,400 18
(Alex: Yes, The Rime of the Ancient Mariner.)

the albatross

Josh
    $2000 27
(Ariel: What is Cabaret?)

La Cage aux Folles

Ariel
Triple Stumper

Scores at the end of the Double Jeopardy! Round:

Ariel Andy Josh
$7,600 $7,700 $8,800

[wagering suggestions for these scores]

Final Jeopardy! Round responses

THE CABINET
ArielWhat are Agriculture and Interi
$7,550
AndyWhat are Agriculture and Interior
$7,699
JoshWhat are Agriculture and the interior??
$6,700
Agriculture & Labor

Final scores:

Ariel Andy Josh
$50 $1 $2,100
2nd place: $2,000 3rd place: $1,000 New champion: $2,100

Game dynamics:

Coryat scores:

Ariel Andy Josh
$7,600 $9,200 $10,800
16 R,
2 W
17 R,
8 W
(including 1 DD)
14 R
(including 1 DD),
1 W
(including 1 DD)

Combined Coryat: $27,600

[game clues] [game scores] [suggest correction]

Game tape date: 2010-09-01
The J! Archive is created by fans, for fans. Scraping, republication, monetization, and malicious use prohibited; this site may use cookies and collect identifying information. See terms. The Jeopardy! game show and all elements thereof, including but not limited to copyright and trademark thereto, are the property of Jeopardy Productions, Inc. and are protected under law. This website is not affiliated with, sponsored by, or operated by Jeopardy Productions, Inc. Join the discussion at JBoard.tv.